Sekte Bahai : Apakah itu?

Bibliographic Details
Main Author: Abdul Sabur Marzuq
Format: Book
Published: Surabaya : Pt. Bina Ilmu , 1984
Subjects:

MARC

LEADER 00000cam a2200000 7i4500
001 0000003231
005 20050628.0
040 |a INS 
090 0 0 |a BP365.   |b A136 1984 
100 0 |a Abdul Sabur Marzuq 
245 1 0 |a Sekte Bahai :   |b Apakah itu?   |c Abdul Sabur Marzuq 
260 |a Surabaya :   |b Pt. Bina Ilmu ,   |c 1984 
300 |a 102p ;   |c 13cm. 
650 0 0 |a Bahaism 
999 |a 0000001646   |b BOOK   |c Open Shelf   |e Default branch 
999 |a 0000001647   |b BOOK   |c Open Shelf   |e Default branch 
999 |a 0000001648   |b BOOK   |c Open Shelf   |e Default branch 
999 |a 0000001649   |b BOOK   |c Open Shelf   |e Default branch 
999 |a 0000001650   |b BOOK   |c Open Shelf   |e Default branch 
999 |a 000001654a   |b BOOK   |c Open Shelf   |e Default branch